TV Show Theme Songs (Clips) Quiz Stats

 Plays Quiz not verified by Sporcle

Challenge
Share
Tweet
Score 0/20 Timer 04:00
0 Plays Today
Time Interval TV Show % Correct
0:00 - 0:10Fresh Prince of Bel Air
98.5%
1:33 - 1:38Friends
88.8%
1:44 - 1:54Rugrats
75.4%
0:10 - 0:15Gilligan's Island
74.2%
1:26 - 1:33Full House
72.6%
0:38 - 0:43That 70's Show
71.8%
0:32 - 0:38Scrubs
71.5%
1:02 - 1:09American Dad
65%
2:02 - 2:11Malcolm in the Middle
64.6%
0:50 - 0:58CatDog
52%
Time Interval TV Show % Correct
1:54 - 2:02A-Team
36.5%
0:25 - 0:32Captain Planet
35.9%
0:15 - 0:20Sanford & Son
34.2%
1:18 - 1:26Psych
25%
0:43 - 0:50Charles in Charge
21.8%
1:09 - 1:13Chuck
17.4%
0:58 - 1:02Entourage
17.3%
0:20 - 0:25Mr. Belvedere
16.9%
1:13 - 1:18Stargate SG-1
12.4%
1:38 - 1:44Code Monkeys
2.3%

You're not logged in!

Compare scores with friends on all Sporcle quizzes.
Join for Free
OR
Log In

You Might Also Like...

Show Comments

Extras

Top Quizzes Today


Score Distribution

Your Account Isn't Verified!

In order to create a playlist on Sporcle, you need to verify the email address you used during registration. Go to your Sporcle Settings to finish the process.

Report this User

Report this user for behavior that violates our Community Guidelines.

Details: